[Event "Bhubaneswar op-A 14th"]
[Site "Bhubaneswar"]
[Date "2023.06.15"]
[Round "7"]
[White "Pawar, Harshit"]
[Black "Alluri, Bhaskara Ratna Shan"]
[Result "1-0"]
[WhiteElo "2115"]
[BlackElo "1688"]
[PlyCount "111"]
[EventDate "2023.06.11"]
[EventType "swiss"]
[EventRounds "10"]
[EventCountry "IND"]
[SourceTitle "CBM 214 Extra"]
[Source "ChessBase"]
[SourceDate "2023.07.31"]
[SourceVersion "1"]
[SourceVersionDate "2023.07.31"]
[SourceQuality "1"]

1. e4 c5 2. Nc3 Nc6 3. Bb5 Nd4 4. Bc4 g6 5. Nf3 Bg7 6. Nxd4 cxd4 7. Qf3 e6 8. Nb5 d6 9. Qa3 Bf8 10. Nxd4 d5 11. Bb5+ Bd7 12. Qd3 Ne7 13. Nb3 dxe4 14. Qxd7+ Qxd7 15. Bxd7+ Kxd7 16. Nc5+ Kc6 17. Nxe4 Bg7 18. d3 Rhd8 19. Ng5 Kd7 20. c3 f6 21. Nf3 e5 22. d4 exd4 23. Nxd4 Nc6 24. Be3 f5 25. Nf3 Ne5 26. 0-0-0+ Ke8 27. Rxd8+ Kxd8 28. Rd1+ Ke8 29. Nxe5 Bxe5 30. Bg5 Bc7 31. Re1+ Kf8 32. Kc2 Bd8 33. Be3 Be7 34. a4 b6 35. Bd4 Kf7 36. Kd3 Rc8 37. f4 Rc6 38. b4 Bf6 39. b5 Rd6 40. Ra1 Ke6 41. a5 Bxd4 42. cxd4 Rd7 43. axb6 axb6 44. Ra8 Rb7 45. Rd8 Ke7 46. Rc8 Kd6 47. Kc4 Ra7 48. Rc6+ Kd7 49. Rxb6 Ra2 50. Kd5 Rxg2 51. Rb7+ Kc8 52. Rxh7 Rb2 53. Kc6 Rc2+ 54. Kd5 Rb2 55. h3 Rxb5+ 56. Kc6 1-0

[Event "IND-ch U15 47th"]
[Site "New Delhi"]
[Date "2022.12.06"]
[Round "11"]
[White "Alluri, Bhaskara Ratna Shan"]
[Black "Sathvik, Adiga"]
[Result "1-0"]
[WhiteElo "1494"]
[BlackElo "1648"]
[PlyCount "109"]
[EventDate "2022.11.28"]
[EventType "swiss"]
[EventRounds "11"]
[EventCountry "IND"]
[SourceTitle "EXT 2024"]
[Source "ChessBase"]
[SourceDate "2023.10.10"]
[SourceVersion "1"]
[SourceVersionDate "2023.10.10"]
[SourceQuality "1"]

1. e4 e5 2. Nf3 Nc6 3. Bb5 a6 4. Ba4 Nf6 5. 0-0 Be7 6. Re1 b5 7. Bb3 d6 8. h3 0-0 9. c3 Nb8 10. d4 Nbd7 11. Nbd2 Bb7 12. Bc2 Re8 13. Nf1 Bf8 14. Ng3 g6 15. a4 c5 16. d5 c4 17. Bg5 Be7 18. Be3 Qc7 19. Nh2 h5 20. f3 Nc5 21. Qe2 Nfd7 22. Nh1 Nb6 23. axb5 axb5 24. g4 hxg4 25. fxg4 Rxa1 26. Rxa1 Ra8 27. Rf1 Bd8 28. g5 Bc8 29. Nf2 Be7 30. Nfg4 Bxg4 31. Nxg4 Rf8 32. Qf2 Kg7 33. Qh4 Rh8 34. Rxf7+ Kxf7 35. Qxh8 Bf8 36. Qh7+ Bg7 37. Nh6+ Ke8 38. Qxg6+ Kf8 39. Nf5 Nba4 40. Nxd6 Qe7 41. Nf5 Qd7 42. h4 Bh8 43. h5 Bg7 44. h6 Bh8 45. h7 Bg7 46. Bxa4 Nxa4 47. d6 Nxb2 48. Qxg7+ Qxg7 49. Nxg7 Kxg7 50. d7 Kxh7 51. d8Q b4 52. Qf6 bxc3 53. g6+ Kg8 54. Qf7+ Kh8 55. Qh7# 1-0

[Event "IND-ch U15 47th"]
[Site "New Delhi"]
[Date "2022.12.03"]
[Round "9"]
[White "Alluri, Bhaskara Ratna Shan"]
[Black "Gawai, Siddhant"]
[Result "0-1"]
[WhiteElo "1494"]
[BlackElo "1785"]
[PlyCount "100"]
[EventDate "2022.11.28"]
[EventType "swiss"]
[EventRounds "11"]
[EventCountry "IND"]
[SourceTitle "CBM 211 Extra"]
[Source "ChessBase"]
[SourceDate "2023.01.31"]
[SourceVersion "1"]
[SourceVersionDate "2023.01.31"]
[SourceQuality "1"]

1. e4 g6 2. d4 Bg7 3. Nf3 d6 4. Bd3 Nd7 5. 0-0 a6 6. c3 e6 7. Qe2 Ne7 8. a4 h6 9. h4 b6 10. Nbd2 Bb7 11. Nc4 d5 12. exd5 Nxd5 13. Nce5 Nxe5 14. dxe5 c5 15. Rd1 Qc7 16. Bd2 Ne7 17. Be4 Rd8 18. c4 Bxe4 19. Qxe4 Qc6 20. Qe2 0-0 21. b3 Rd7 22. Bf4 Rfd8 23. Rxd7 Qxd7 24. Kf1 Nc6 25. Qe3 Kh7 26. Re1 Nb4 27. Qe4 Kg8 28. g3 Nc6 29. Kg2 Na5 30. Re3 Qd1 31. h5 gxh5 32. Rc3 Nxb3 33. Qe3 Nd4 34. Ng1 Nf5 35. Qe4 Qxa4 36. Rf3 Nd4 37. Rd3 Qxc4 38. Nf3 Qd5 39. Qxd5 Rxd5 40. Ra3 Nxf3 41. Kxf3 Bxe5 42. Rxa6 Bxf4 43. Kxf4 b5 44. Ra8+ Kg7 45. Rb8 c4 46. Ke4 c3 47. Rc8 b4 48. Rc4 Rb5 49. Kd4 b3 50. Rxc3 b2 0-1